Airlines by Tail (Extreme) - Statistics

General Stats
  • This quiz has been taken 110 times
  • The average score is 10 of 20
Answer Stats
Picture Answer % Correct
Turkish Airlines
93%
TUI Airways
89%
Kenya Airways
81%
Etihad Airways
80%
Philippine Airlines
74%
Austrian Airlines
73%
Transavia
73%
Cargolux
63%
Fiji Airways
52%
Air Greenland
48%
Azul
48%
T'way Air
48%
Air Transat
46%
Azerbaijan Airlines
46%
FlyDubai
45%
Spring Airlines
30%
AlbaStar
16%
LAM Mozambique Airlines
12%
Trade Air
12%
ETF Airways
10%
No matching quizzes found
Score Distribution
Percent of People with Each Score
Percentile by Number Answered
Your Score History
You have not taken this quiz